000 00798nam a2200181 i 4500
001 125023
003 ES-MaACL
005 20230906192534.0
007 t|
008 070426s1935 sp ||||1| spa d
245 0 0 _aCaja Nacional de Seguro de Accidentes del Trabajo (Fundada por el Instituto Nacional de Previsión)
_b: la cuestión de la tasa de interés para las rentas de los beneficiarios de accidentes de trabajo.
260 _aMadrid :
_b[s.n.],
_c1935 (
_fImprenta y Encuadernación de los Sobrinos de la Sucesora de M. Minuesa de los Ríos)
300 _a50 p. ;
_c22 cm.
490 1 _aPublicaciones del Instituto Nacional de Previsión ;
_v449
830 0 _aPublicaciones del Instituto Nacional de Previsión ;
_v449
_9181151
852 _aES-MaACL
_jC-12642(5)
999 _c125023
_d125023